000 00619nam a22001937a 4500
005 20260423092403.0
008 260423b |||||||| |||| 00| 0 eng d
020 _a9780349105475 (pbk)
040 _cUE-CL
082 _a291
_bY841
100 _aYoung, Dudley
245 _aOrigin of the Sacred: The ecstasies of love and war
_c/ Dudley Young
260 _aLondon :
_bAbacus;
_c1993
300 _a457 p.
505 _aPart One- Origin of the Sacred Part Two- Illuminations of the sacred Part Three- Occlusions of the sacred
546 _aEnglish
650 _aOrigins--Sacred--Love--War--Ecstasies
942 _cBK
999 _c26170
_d26169